Zmena pracovnej zmluvy

Dohodnutý obsah pracovnej zmluvy možno zmeniť len vtedy, ak sa zamestnávateľ a zamestnanec dohodnú na jeho zmene. Zamestnávateľ je povinný zmenu pracovnej zmluvy vyhotoviť písomne. Vykonávať práce iného druhu alebo na inom mieste, ako boli dohodnuté v pracovnej zmluve, je zamestnanec povinný len výn...

Ausführliche Beschreibung

Gespeichert in:
Bibliographische Detailangaben
1. Verfasser: Cingelová, Zuzana
Format: Buchkapitel
Sprache:Slowakisch
Schlagworte:
Tags: Tag hinzufügen
Keine Tags, Fügen Sie das erste Tag hinzu!

MARC

LEADER 00000naa a2200000 4500
001 0292402
005 20240417075236.1
041 0 |a slo 
044 |a SK 
245 1 0 |a Zmena pracovnej zmluvy  |c Zuzana Cingelová 
520 |a Dohodnutý obsah pracovnej zmluvy možno zmeniť len vtedy, ak sa zamestnávateľ a zamestnanec dohodnú na jeho zmene. Zamestnávateľ je povinný zmenu pracovnej zmluvy vyhotoviť písomne. Vykonávať práce iného druhu alebo na inom mieste, ako boli dohodnuté v pracovnej zmluve, je zamestnanec povinný len výnimočne. Kedy je povinný zamestnávateľ preradiť zamestnanca? Kedy môže zamestnávateľ preradiť zamestnanca bez súhlasu zamestnanca? 
610 2 0 |a zmluvy pracovné 
610 2 0 |a zmeny pomeru pracovného 
610 2 0 |a právo pracovné 
610 2 0 |a zamestnanci 
610 2 0 |a zamestnávatelia 
610 2 0 |a povinnosti zamestnávateľov 
610 2 0 |a zákony 
100 1 |a Cingelová, Zuzana